000 00410nam a22001577a 4500
003 NUST - PNEC
005 20170116181110.0
008 151003b xxu||||| |||| 00| 0 eng d
040 _cLIBRARY
082 _a519 CRO
100 _912895
_aCrouch, Ralph
245 _aFinite mathematics with statistics for business
_cCrouch, Ralph
260 _c1968
650 _92775
_aStatistics
_xGeneral
942 _2ddc
_cBK
999 _c69102
_d69102